00738nam a2200217 a 450000100100000000500170001000800410002704000250006808200260009310000270011924500360014625000120018226000410019430000210023559000260025665000290028265000310031191000370034295201240037999900170050300002221120240412074250.0100920s1962 dr 000 j spa d aDO-SdBNPbspacBNPHU aRD863.44bL817a, 19621 aLockward, Yoryi93515910aAcucheme ute /cYoryi Lockward. a2a. ed. aSanto Domingo :bLa Nación,c1962. a100 p. ;c22 cm. aInventariado, 2020/YL 0aCuentos dominicanos9176 0aLiteratura dominicana.967 aValidado. Control de calidad MFF 0010718PDaPDbPDcHDd2010-09-20iLF1l0oRD863.44 L817a, 1962p22211-10r2020-06-25w2020-06-25yLFPDZNo se presta c21709d21709